|
|
|
|
| LEADER |
02137nam a2200493 i 4500 |
| 001 |
EBC2005425 |
| 003 |
MiAaPQ |
| 005 |
20200520144314.0 |
| 006 |
m o d | |
| 007 |
cr cnu|||||||| |
| 008 |
150410t20152003enka ob 001 0 eng d |
| 020 |
|
|
|z 9780765609519
|
| 020 |
|
|
|z 9780765609526
|
| 020 |
|
|
|a 9781315703114
|q (electronic bk.)
|
| 035 |
|
|
|a (MiAaPQ)EBC2005425
|
| 035 |
|
|
|a (Au-PeEL)EBL2005425
|
| 035 |
|
|
|a (CaPaEBR)ebr11038236
|
| 035 |
|
|
|a (CaONFJC)MIL759497
|
| 035 |
|
|
|a (OCoLC)647461418
|
| 040 |
|
|
|a MiAaPQ
|b eng
|e rda
|e pn
|c MiAaPQ
|d MiAaPQ
|
| 043 |
|
|
|a a-ja---
|
| 050 |
|
4 |
|a HC462.95
|b .J363 2015
|
| 082 |
0 |
|
|a 337.52
|2 21
|
| 245 |
0 |
0 |
|a Japan's managed globalization :
|b adapting to the twenty-first century /
|c Ulrike Schaede and William Grimes, editors ; contributors Christina L. Ahmadjian [and four others].
|
| 264 |
|
1 |
|a London, [England] ;
|a New York, New York :
|b Routledge,
|c 2015.
|
| 264 |
|
4 |
|c 2003
|
| 300 |
|
|
|a 1 online resource (278 pages) :
|b illustrations, tables
|
| 336 |
|
|
|a text
|2 rdacontent
|
| 337 |
|
|
|a computer
|2 rdamedia
|
| 338 |
|
|
|a online resource
|2 rdacarrier
|
| 500 |
|
|
|a "An East Gate book."
|
| 504 |
|
|
|a Includes bibliographical references at the end of each chapters and index.
|
| 588 |
|
|
|a Description based on print version record.
|
| 590 |
|
|
|a Electronic reproduction. Ann Arbor, MI : ProQuest, 2015. Available via World Wide Web. Access may be limited to ProQuest affiliated libraries.
|
| 650 |
|
0 |
|a Globalization
|x Economic aspects
|z Japan.
|
| 651 |
|
0 |
|a Japan
|x Economic conditions
|y 1989-
|
| 651 |
|
0 |
|a Japan
|x Economic policy
|y 1989-
|
| 655 |
|
4 |
|a Electronic books.
|
| 700 |
1 |
|
|a Schaede, Ulrike,
|d 1962-
|e editor.
|
| 700 |
1 |
|
|a Grimes, William W.,
|e editor.
|
| 700 |
1 |
|
|a Ahmadjian, Christina L.,
|e contributor.
|
| 776 |
0 |
8 |
|i Print version:
|t Japan's managed globalization : adapting to the twenty-first century.
|d London, [England] ; New York, New York : Routledge, c2003, 2015
|h xiii, 263 pages
|z 9780765609519
|w 2002021713
|
| 797 |
2 |
|
|a ProQuest (Firm)
|
| 856 |
4 |
0 |
|u https://ebookcentral.proquest.com/lib/matrademy/detail.action?docID=2005425
|z Click to View
|